Statistics for Top 25 osu! players by name

Click here to take the quiz!

General Stats

  • This quiz has been taken 94 times
  • The average score is 13 of 25

Answer Stats

RankCountryAnswer% Correct
1GermanyWhiteCat
100%
2United StatesVaxei
89%
5United Statesidke
75%
9CanadaRyuK
75%
4South KoreaFlyingTuna
73%
7United KingdomKarthy
67%
10JapanVarvalian
67%
15PolandRafis
67%
3RussiaAlumetri
64%
14MoroccoFGSky
61%
6AustriaMicca
59%
22Romaniabadeu
58%
13ChileMathi
56%
8United StatesFreddie Benson
52%
24GermanyDustice
42%
20South Koreachocomint
41%
21United KingdomSpare
41%
11Japana_Blue
39%
12AustraliaASecretBox
34%
17PolandVamhi
31%
16South Koreafirebat92
28%
19AustraliaDereban
22%
25Hong Kongjpeg
19%
23United StatesWeabole
11%
18United Statesfireyrage
8%

Score Distribution

Percentile by Number Answered

Percent of People with Each Score

Your Score History

You have not taken this quiz